000 00628nam a22001937a 4500
005 20251108172323.0
008 250721s1999 xx 000 0 ara d
082 1 4 _a338.5/كرا
100 1 _aكراجه، عبد الحليم
245 1 0 _aمبادئ الإقتصاد الجزئي /
264 1 _aعمان :
_bدار صفاء للنشر و التوزيع،
_c1999.
300 _a239ص
650 1 7 _aالإقتصاد الجزئي
650 1 7 _aالتحليل الإقتصادي الجزئي
700 1 _aالعبادي، عبد الناصر
700 1 _aالباشا، محمد
942 _2ddc
_cBK
999 _c76099
_d76099